Griechische geschichte
Saved in:
| Hovedforfatter: | |
|---|---|
| Format: | Bog |
| Sprog: | tysk |
| Udgivet: |
Friburgo de Brisgovia
Herder Freiburg
1951
|
| Udgivelse: | zweite Ausgabe |
| Fag: | |
| Tags: |
Tilføj Tag
Ingen Tags, Vær først til at tagge denne postø!
|
MARC
| LEADER | 00000nam a2200000 a 4500 | ||
|---|---|---|---|
| 001 | UCP9767 | ||
| 003 | CL-VaPUC | ||
| 005 | 20220104124905.0 | ||
| 008 | 000331e19510000gw |||||||||||||||||ger|d | ||
| 999 | |c 286553 |d 286551 | ||
| 040 | |c Pontificia Universidad Católica de Valparaíso | ||
| 082 | 0 | 4 | |a 938.01 BER 1951 |2 21 |
| 100 | 0 | |a Berve, Helmut |e author |9 440565 | |
| 245 | 1 | 0 | |a Griechische geschichte |
| 250 | |a zweite Ausgabe | ||
| 250 | |a Segunda edición | ||
| 260 | |a Friburgo de Brisgovia |b Herder Freiburg |c 1951 | ||
| 300 | |a 325 páginas | ||
| 583 | |a last modification |c 20171017 12:52:15 |k Rodrigo Vera | ||
| 650 | 0 | |a Historia antigua |9 267521 | |
| 650 | 0 | |a Grecia arcaica |9 440446 | |
| 650 | 7 | |a DORIOS |2 CL-VaPUC |9 440432 | |
| 650 | 7 | |a JONIOS |2 CL-VaPUC |9 440566 | |
| 651 | 0 | |a Grecia |9 265314 | |
| 942 | |c BK |2 ddc | ||
| 945 | |d 20000331 00:00:00 |a rherrera | ||
| 952 | |0 0 |1 0 |4 0 |6 938_010000000000000_BER_1951 |7 0 |8 A |9 332550 |a BIBHIS |b BIBHIS |d 2019-11-20 |i 1261843 |o 938.01 BER 1951 |p 1261843 |r 2025-01-20 |w 2019-11-20 |y BK |k HIS | ||